<?xml version="1.0" encoding="UTF-8"?>
<collection xmlns="http://www.loc.gov/MARC21/slim">
 <record>
  <leader>00463cam a2200133 7i4500</leader>
  <controlfield tag="001">0000040974</controlfield>
  <controlfield tag="005">20080918090000.0</controlfield>
  <controlfield tag="008">080918</controlfield>
  <datafield tag="090" ind1="0" ind2="0">
   <subfield code="a">LT MY JPK </subfield>
  </datafield>
  <datafield tag="110" ind1="1" ind2="0">
   <subfield code="a">Jabatan Pembangunan Koperasi Malaysia</subfield>
  </datafield>
  <datafield tag="245" ind1="0" ind2="0">
   <subfield code="a">Laporan tahunan = annual report  </subfield>
   <subfield code="c">Jabatan Pembangunan Koperasi Malaysia.</subfield>
  </datafield>
  <datafield tag="260" ind1="0" ind2="0">
   <subfield code="a">Kuala Lumpur: </subfield>
   <subfield code="b">Jabatan Pembangunan Koperasi Malaysia, </subfield>
   <subfield code="c">1996.</subfield>
  </datafield>
  <datafield tag="300" ind1=" " ind2=" ">
   <subfield code="a">v.: </subfield>
   <subfield code="b">ill.; </subfield>
   <subfield code="c">30 cm..</subfield>
  </datafield>
  <datafield tag="999" ind1=" " ind2=" ">
   <subfield code="a">1000388245</subfield>
   <subfield code="b">Jurnal</subfield>
   <subfield code="c">Laporan Tahunan</subfield>
   <subfield code="e">KOLEKSI TERBITAN BERSIRI</subfield>
  </datafield>
 </record>
</collection>
